000 00724nam a2200241Ia 4500
003 OSt
005 20220918174544.0
006 a|||||r|||| 00| 0
007 ta
008 220917b |||||||| |||| 00| 0 eng d
024 _a12,808
037 _cTextual
040 _aARTS
_cARTS
_beng
041 _2eng
_aeng
082 _a/\421:1J92, 496J9 (Q4)
100 _aRaghu Vira ed
_950876
245 0 _aManjusti-Nama-Sangiti in Mangolian, Tibetan, Sanskrit and Chinese; Sekhoddesa in Tibetan and Mangolian
260 _c1959
490 _aSata-Pitaka series , ed by raghu Vira; 18
650 _aSPIRITUALISM
942 _h/\421:1J92, 496J9 (Q4)
_cTEXL
_2CC
999 _c153646
_d153646